ბათუმის შოთა რუსთაველის სახელმწიფო უნივერსიტეტის ბიბლიოთეკა

სიბრძნე სიცრუისა:რჩეული იგავ–არაკები (ბიბ.ჩანაწერი № 43092)

000 -LEADER
fixed length control field 00825nam a2200205Ia 4500
001 - CONTROL NUMBER
control field 9813
003 - CONTROL NUMBER IDENTIFIER
control field GE_BSU
008 - FIXED-LENGTH DATA ELEMENTS--GENERAL INFORMATION
fixed length control field 181216s||||||||xx |||||||||||||| ||und||
040 ## - CATALOGING SOURCE
Transcribing agency GE_BSU
100 ## - MAIN ENTRY--PERSONAL NAME
Personal name ორბელიანი,სულხან–საბა
245 ## - TITLE STATEMENT
Title სიბრძნე სიცრუისა:რჩეული იგავ–არაკები
245 ## - TITLE STATEMENT
Statement of responsibility, etc. მხატვ.ლორეტა შენგელია.მხატვ.ნინო სარჯველაძე
260 ## - PUBLICATION, DISTRIBUTION, ETC.
Place of publication, distribution, etc. თბილისი
260 ## - PUBLICATION, DISTRIBUTION, ETC.
Name of publisher, distributor, etc. საბჭოთა საქართველო
260 ## - PUBLICATION, DISTRIBUTION, ETC.
Date of publication, distribution, etc. 1990
300 ## - PHYSICAL DESCRIPTION
Extent 152გვ.ილ.20სმ.
653 ## - INDEX TERM--UNCONTROLLED
Uncontrolled term რჩეული იგავ–არაკები
653 ## - INDEX TERM--UNCONTROLLED
Uncontrolled term სიბრძნე სიცრუისა
942 ## - ADDED ENTRY ELEMENTS (KOHA)
Koha item type წიგნი
ეგზემპლარები
Withdrawn status Lost status Damaged status Not for loan Date acquired Barcode Date last seen Price effective from Koha item type
        2018-12-17 33168 2018-12-17 2018-12-17 წიგნი
        2018-12-17 33169 2018-12-17 2018-12-17 წიგნი
        2018-12-17 33170 2018-12-17 2018-12-17 წიგნი
        2018-12-17 33171 2018-12-17 2018-12-17 წიგნი
        2018-12-17 33172 2018-12-17 2018-12-17 წიგნი
        2018-12-17 33173 2018-12-17 2018-12-17 წიგნი